| 000 | 02297nam a22003497a 4500 | ||
|---|---|---|---|
| 001 | 102245 | ||
| 003 | KnowledgeUnlatched | ||
| 005 | 20210303105215.0 | ||
| 006 | m o d | ||
| 007 | cr u|||||||||| | ||
| 008 | 210129p20192019enk o u00| u eng d | ||
| 037 | _5BiblioBoard | ||
| 245 | 0 | 0 |
_aMonitored _bBusiness and Surveillance in a Time of Big Data / _cPeter Bloom. |
| 020 | _a9781786803924 | ||
| 029 | 1 | _ahttps://library.biblioboard.com/ext/api/media/5ac5c63d-6549-4e9d-a9e5-ed71babcfbe5/assets/thumbnail.jpg | |
| 040 |
_aScCtBLL _cScCtBLL |
||
| 100 | 1 |
_aBloom, Peter _eauthor. |
|
| 264 | 1 | _bPluto Press, | |
| 300 | _a1 online resource. | ||
| 506 | 0 |
_aAccess copy available to the general public. _fUnrestricted _2star |
|
| 520 | _aThis book explores a central contradiction of 21st century economy and society: the more morally and politically unaccountable capitalism and capitalists are, the more accountable the mass majority of its subjects must become. The technocratic ideology and surveillance culture of our modern marketized societies hides a deeper reality of a free market that is unmanageable and a corporate elite whose actions cannot be traced let alone regulated. This work highlights the paradoxical way an often disjointed and unjustifiable modern neoliberalism persists through subjecting individuals and communities to a wide range of technical and ethical 'accounting' in all areas of contemporary life. These pervasive practices of monitoring and codifying everything and everyone mask how at its heart this system and its elites remain socially uncontrollable and ethically out of control. | ||
| 588 | 0 | _aDescription based on print version record. | |
| 590 | _aKU Select 2018: HSS Frontlist Books | ||
| 650 | 7 |
_aPolitical Science / Public Affairs & Administration _2bisacsh |
|
| 650 | 0 | _aPolitical science | |
| 655 | 0 | _aElectronic books. | |
| 758 |
_iIs found in: _aKnowledge Unlatched _1https://openresearchlibrary.org/module/2774bc74-146a-484f-a7ba-ab1d6a09bbfb |
||
| 856 | 4 | 0 |
_uhttps://openresearchlibrary.org/content/5ac5c63d-6549-4e9d-a9e5-ed71babcfbe5 _zView this content on Open Research Library. _70 |
| 999 |
_c33900 _d33900 |
||